| 000 | 01223nam a2200265Ia 4500 | ||
|---|---|---|---|
| 999 |
_c39393 _d39393 |
||
| 001 | 5982 | ||
| 003 | GE_BSU | ||
| 005 | 20191030163245.0 | ||
| 008 | 181216s2012||||ge |||||||||||||| ||geo|| | ||
| 020 | _a9789941178450 | ||
| 040 | _cGE_BSU | ||
| 041 | _ageo | ||
| 080 | _a517.53(075.8) მ-61 | ||
| 100 |
_aმეშველიანი, ზ. _95116 |
||
| 245 |
_aკომპლექსური ანალიზის საფუძვლები / _c ზ. მეშველიანი, შ. ახალაია, ნ. თოფურიძე ; რედ. ზურაბ მეშველიანი. |
||
| 264 |
_aთბილისი : _bუნივერსალი, _c2012. |
||
| 300 |
_a175 გვ. ; _b20 სმ. |
||
| 504 | _a ბიბლიოგრ.: გვ. 172. | ||
| 653 | _aკომპლექსური ცვლადის ფუნქციები; | ||
| 653 | _aკომპლექსური რიცხვები; | ||
| 700 |
_aახალაია, შ. _eავტორი _95117 |
||
| 700 |
_aთოფურიძე, ნ. _eავტორი _95118 |
||
| 700 |
_aმეშველიანი, ზ. _eრედაქტორი _95119 |
||
| 942 |
_cBK _2udc |
||